The leopard's wife (Record no. 49110)

MARC details
000 -LEADER
fixed length control field 00560nam a2200157 a 4500
008 - FIXED-LENGTH DATA ELEMENTS--GENERAL INFORMATION
fixed length control field 131007s2011 ||||||||||||||||| || u
020 ## - INTERNATIONAL STANDARD BOOK NUMBER
International Standard Book Number 9781849830164
050 ## - LIBRARY OF CONGRESS CALL NUMBER
Classification number PR 6066 .I258 L46
100 ## - MAIN ENTRY--PERSONAL NAME
Personal name Pickering, Paul
245 10 - TITLE STATEMENT
Title The leopard's wife
Statement of responsibility, etc. by Paul Pickering
260 ## - PUBLICATION, DISTRIBUTION, ETC.
Place of publication, distribution, etc. London:
Name of publisher, distributor, etc. Simon and Schuster
Date of publication, distribution, etc. 2011
300 ## - PHYSICAL DESCRIPTION
Extent 311p.
650 ## - SUBJECT ADDED ENTRY--TOPICAL TERM
Topical term or geographic name entry element CONGO (DEMOCRATIC REPUBLIC)--FICTION
650 ## - SUBJECT ADDED ENTRY--TOPICAL TERM
Topical term or geographic name entry element PIANISTS--FICTION
995 ## - RECOMMENDATION 995 [LOCAL, UNIMARC FRANCE]
-- CBU-MAIN LIBRARY (Kitwe)
-- 1
-- AVAILABLE
-- Oct 31, 2013
-- Fiction Collection
Holdings
Withdrawn status Lost status Source of classification or shelving scheme Damaged status Not for loan Home library Current library Shelving location Date acquired Total Checkouts Full call number Barcode Date last seen Price effective from Koha item type
          CBU-MAIN LIBRARY, KITWE. CBU-MAIN LIBRARY, KITWE.   11/30/2022   PR 6066 .I258 L46 744629 11/30/2022 11/30/2022 MONOGRAPH